LEADER 02397oam 2200709M 450 001 9910716359303321 005 20200213070602.1 035 $a(CKB)5470000002520542 035 $a(OCoLC)1065924668 035 $a(OCoLC)995470000002520542 035 $a(EXLCZ)995470000002520542 100 $a20071213d1926 ua 0 101 0 $aeng 135 $aurcn||||||||| 181 $ctxt$2rdacontent 182 $cc$2rdamedia 183 $acr$2rdacarrier 200 10$aAgnes De Jardins. June 23 (calendar day, June 26), 1926. -- Ordered to be printed 210 1$a[Washington, D.C.] :$c[U.S. Government Printing Office],$d1926. 215 $a1 online resource (3 pages) 225 1 $aSenate report / 69th Congress, 1st session. Senate ;$vno. 1160 225 1 $a[United States congressional serial set ] ;$v[serial no. 8528] 300 $aA variant spelling of claimant's name is found in this publication. 300 $aReference to H.R. "1602" in text printed in error; correct bill number is "1692." 300 $aBatch processed record: Metadata reviewed, not verified. Some fields updated by batch processes. 300 $aFDLP item number not assigned. 517 $aAgnes De Jardins. June 23 606 $aAmmunition 606 $aClaims 606 $aDefense contracts 606 $aDefense industries 606 $aExplosions 606 $aFactories 606 $aGovernment contractors 606 $aIndustrial accidents 606 $aIndustrial safety 606 $aLegislative amendments 606 $aMedical care 606 $aMentally ill 608 $aLegislative materials.$2lcgft 615 0$aAmmunition. 615 0$aClaims. 615 0$aDefense contracts. 615 0$aDefense industries. 615 0$aExplosions. 615 0$aFactories. 615 0$aGovernment contractors. 615 0$aIndustrial accidents. 615 0$aIndustrial safety. 615 0$aLegislative amendments. 615 0$aMedical care. 615 0$aMentally ill. 701 $aCaraway$b Thaddeus H$g(Thaddeus Horatius),$f1871-1931$pDemocrat (AR)$01389120 801 0$bWYU 801 1$bWYU 801 2$bOCLCO 801 2$bOCLCQ 801 2$bOCLCO 906 $aBOOK 912 $a9910716359303321 996 $aAgnes De Jardins. June 23 (calendar day, June 26), 1926. -- Ordered to be printed$93466321 997 $aUNINA LEADER 01593nam1 22003493i 450 001 LO10048169 005 20251003044206.0 010 $a8814028583 020 $aIT$b92-1255 100 $a20130827d1991 ||||0itac50 ba 101 | $aita 102 $ait 181 1$6z01$ai $bxxxe 182 1$6z01$an 200 1 $aGuida tributaria 1991$fa cura di Giuseppe e Francesco Giuliani 210 $aMilano: Giuffrè$d[1991! 215 $a2 v.$d24 cm. 463 1$1001LO10066859$12000 $a1: Imposta sul valore aggiunto, imposte dirette, accertamento$fa cura di Giuseppe e Francesco Giuliani$v1 463 1$1001LO10066861$12000 $a2: Imposta di registro, successioni e donazioni, contenzioso tributario$fa cura di Giuseppe e Francesco Giuliani$v2 463 1$1001UBO0016121$12001 $aˆ2: ‰Imposta di registro, successioni e donazioni, contenzioso tributario$fa cura di Giuseppe e Francesco Giuliani$v2 463 1$1001UFI0111587$12001 $aˆ1: ‰Imposta sul valore aggiunto, imposte dirette, accertamento$fa cura di Giuseppe e Francesco Giuliani$v1 700 1$aGiuliani$b, Giuseppe$f <1930- >$3CFIV006983$4070$00 701 1$aGiuliani$b, Francesco$f <1964- >$3CFIV107054$4070$0231892 801 3$aIT$bIT-000000$c20130827 850 $aIT-BN0095 901 $bNAP 01$cD $n$ 912 $aLO10048169 950 1$aBiblioteca Centralizzata di Ateneo$c1 v.$d 01D (AR) 7 244$c1 v.$d 01D (AR) 7 245 967 $m2 977 $a 01 996 $aGuida tributaria 1991$963980 997 $aUNISANNIO